Dizionario portatile della Bibbia tradotto dal francese nell'italiano idioma, ed arricchito di moltissime note, di nuovi articoli, e di varie carte topografiche / dal P. D. Prospero dell'Aquila della Congregazione di Monte Vergine, regio professore nell'Università di Napoli

Detalles Bibliográficos
Autor principal: Aquila, Prospero dell'
Formato: Libro
Lenguaje:Italian
Publicado: Bassano : a spese Remondini di Venezia, 1791.
Edición:Edizione novissima accresciuta, ed emendata
Materias:
Colección:Banco de datos
Acervo:Fondo Bibliográfico Antiguo del Archivo Municipal de Orizaba
Descripción Física:2 t. en 1 v. ; 12°
Tema general:Biblia - Diccionarios
Notas:Portada tipográfica con viñeta y pleca en grabado xilográfico. Texto a dos columnas con paginación en números arábigos. Cada tomo con portada y paginación propias. Los t. 1-2 publicados en 1791. Paginación: t. 1 XXIV, 266 p.; t. 2 [1] h., 283 p. Los t. 1 y 2 encuadernados en un volumen. Incluyen cabecera de título en grabado xilográfico. Encuadernación en pergamino sobre cartón. Marca de fuego: Convento de San José de la Orden de San Francisco de Orizaba, Veracruz. Sello en tinta del Archivo Municipal de Orizaba, Veracruz. Daños de polilla y en la encuadernación, cubierta desprendida
LEADER 01393nam a22001810004500
035 |a 1240 
041 0 |a ita 
100 1 |a Aquila, Prospero dell' 
245 1 0 |a Dizionario portatile della Bibbia tradotto dal francese nell'italiano idioma, ed arricchito di moltissime note, di nuovi articoli, e di varie carte topografiche / dal P. D. Prospero dell'Aquila della Congregazione di Monte Vergine, regio professore nell'Università di Napoli 
250 |a Edizione novissima accresciuta, ed emendata 
260 |a Bassano : a spese Remondini di Venezia, 1791. 
300 |a 2 t. en 1 v. ; 12° 
500 |a Portada tipográfica con viñeta y pleca en grabado xilográfico. Texto a dos columnas con paginación en números arábigos. Cada tomo con portada y paginación propias. Los t. 1-2 publicados en 1791. Paginación: t. 1 XXIV, 266 p.; t. 2 [1] h., 283 p. Los t. 1 y 2 encuadernados en un volumen. Incluyen cabecera de título en grabado xilográfico. Encuadernación en pergamino sobre cartón. Marca de fuego: Convento de San José de la Orden de San Francisco de Orizaba, Veracruz. Sello en tinta del Archivo Municipal de Orizaba, Veracruz. Daños de polilla y en la encuadernación, cubierta desprendida 
650 1 0 |a Biblia - Diccionarios 
949 |a t. 1 (2020); t. 2 (2020)  
942 |c ORIZABA 
943 |g Fondo Bibliográfico Antiguo del Archivo Municipal de Orizaba 
999 |c 1103190  |d 1103190